The Next Step Actors - Statistics

General Stats
  • This quiz has been taken 13 times
  • The average score is 20 of 65
Answer Stats
Character Actor % Correct
Emily Alexandra Beaton
100%
Riley Brittany Raymond
100%
Daniel Brennan Clost
88%
Richelle Briar Nolet
88%
Giselle Jordan Clark
88%
Eldon Isaac Lupien
75%
West Lamar Johnson
75%
Michelle Victoria Baldesarra
75%
Piper Alexandra Chaves
63%
Chloe Jennifer Pappas
63%
Noah Myles Erlick
63%
Stephanie Samantha Grecchi
63%
Amy Shelby Bain
63%
James Trevor Tordjman
63%
Jacquie Dylan Ratzlaff
50%
Amanda Logan Fabbro
50%
Davis Berkeley Ratzlaff
38%
Heath Carter Musselman
38%
Cierra Cierra Healey
38%
Kenzie Emmerly Tinglin
38%
Henry Isaiah Peck
38%
Ozzy Julian Lombardi
38%
Lily Katie Ortencio
38%
Kingston Noah Zulfikar
38%
Skylar Skylar Healey
38%
Hunter Zac Vran
38%
Cassie Allie Goodbun
25%
Kate Bree Wasylenko
25%
Josh Dawson Handy
25%
Max Devon Brown
25%
Alfie Giuseppe Bausilio
25%
Ariana Kate Roman
25%
Finn Liam Mackie
25%
Summer Sage Linder
25%
Tiffany Tamina Pollack-Paris
25%
Pete Benjamin Williams
13%
Anthony Blake Talabis
13%
Cleo Danielle Verayo
13%
Sloane Erika Prevost
13%
Heather Hanna Miller
13%
Olive Hattie Kragten
13%
Lola Jessica Lord
13%
Elliot Julian Elia
13%
Shad Kolton Stewart
13%
Jett Mila Tupy
13%
Nick Myles Dobson
13%
Phoebe Natalie Krill
13%
Chris Shamier Anderson
13%
Ethan Shane Mahabir
13%
Thalia Taveeta Szymanowicz
13%
LaTroy Akiel Julien
0%
Ebby Autumn Daye-Fraser
0%
Xander Brandon Lising
0%
Grace Brianna Diebolt
0%
Angela Kelly Fanson
0%
Pascale Mackenzie Barbeau
0%
Dylan Maija Makila
0%
Daisy Melody Cao
0%
Zara Milaina Robinson
0%
Jude Molly Saunders
0%
Niall Nicholas McClung
0%
Izzy Renee Romolo
0%
Shantel Shantel Vailloo
0%
Adele Sheriauna Haase
0%
Jonah Tim Zvifel
0%
No matching quizzes found
Score Distribution
Percent of People with Each Score
Percentile by Number Answered
Your Score History
You have not taken this quiz